• 首页
  • 本馆介绍
  • 公告通知
  • 最新文献
  • 馆藏检索
  • 电子资源
  • 读者导购
  • 参考咨询
  • 我的图书馆
  • 登录
  • 详细信息显示
  • 放入我的书架
  • 预约/预借图书
  • 作者相关作品
  • 分类相关作品
  • 丛书相关作品
  • 出版社相关作品

书目信息

  • 表格格式
  • 工作单格式
  • 卡片格式
题名:
生态经济学理论方法与应用
    
 
作者: 徐中民 著
分册:  
出版信息: 郑州   黄河水利出版社  2003
页数: 306页
开本: 26cm
丛书名:
单 册:
中图分类: F062.2
科图分类:
主题词: 生态经济学
电子资源:
ISBN: 7-80621-663-4
000 00765nam0 2200217 45
001 002358156
005 20050412114342.8
010    @a7-80621-663-4@b精装@dCNY65.00
100    @a20030418d2003 em y0chiy0110 ea
101 0  @achi
102    @aCN@b410000
105    @ay z 000yy
200 1  @a生态经济学理论方法与应用@Asheng tai jing ji xue li lun fang fa yu yingyong@f徐中民等著@FXu Zhong Min Deng Zhu
210    @a郑州@c黄河水利出版社@d2003
215    @a306页@d26cm
330    @a本书内容包括生态学理论和方法发展概述、可持续发展定量评估的理论方法与应用、生态系统服务价值及其评估、生态系统恢复的价值和水资源承载力的研究等。
606 0  @a生态经济学
690    @aF062.2@v4
701  0 @a徐中民@4著
801  0 @aCN@bNLC@c20030804
905    @f5@b348890-894@dF062.2@e35
    
    生态经济学理论方法与应用/徐中民等著.-郑州:黄河水利出版社,2003
    306页;26cm
    
    
    ISBN 7-80621-663-4(精装):CNY65.00
    本书内容包括生态学理论和方法发展概述、可持续发展定量评估的理论方法与应用、生态系统服务价值及其评估、生态系统恢复的价值和水资源承载力的研究等。
●
相关链接 在E读中查询图书 在五车中查询图书 在当当中查询图书 在豆瓣中查询图书


正题名:生态经济学理论方法与应用     索取号:F062.2/35         预约/预借

序号 登录号 条形码 馆藏地/架位号 状态 备注
1 0348890   203488902   第一样本阅览室/ [索取号:F062.2/35] 在馆    
2 0348891   203488911   第一借阅区/ [索取号:F062.2/35] 在馆    
3 0348892   203488920   第一借阅区/ [索取号:F062.2/35] 在馆    
4 0348893   203488939   第一借阅区/ [索取号:F062.2/35] 在馆    
5 0348894   203488948   第一借阅区/ [索取号:F062.2/35] 在馆    
唐山师范学院图书馆 欢迎您!
大连网信软件有限公司© 版权所有